000 00335nam a2200133Ia 4500
008 240624s9999 xx 000 0 und d
041 _aeng
082 _a658.312 ELL
100 _aELLIOTT GLENN
245 _aBUILD IT THE REBEL PLAYBOOK FOR WORLD CL
260 _c2018
_aLondon
_bWiley
300 _ax, 259 p,: 23 cm.
365 _c
_b35
999 _c31542
_d31542